مذهب اور عشق : (Record no. 107903)
[ view plain ]
| 000 -LEADER | |
|---|---|
| fixed length control field | 00999nam a22002657a 4500 |
| 005 - DATE AND TIME OF LATEST TRANSACTION | |
| control field | 20170123162332.0 |
| 010 ## - LIBRARY OF CONGRESS CONTROL NUMBER | |
| LC control number | B-097988 |
| 020 ## - INTERNATIONAL STANDARD BOOK NUMBER | |
| Terms of availability | 100.00 |
| International Standard Book Number | 8182230411 |
| 035 ## - SYSTEM CONTROL NUMBER | |
| System control number | B-097988 |
| 037 ## - SOURCE OF ACQUISITION | |
| Source of stock number/acquisition | Cen Lib/Ret |
| 040 ## - CATALOGING SOURCE | |
| Original cataloging agency | DPL |
| Language of cataloging | UR |
| 082 ## - DEWEY DECIMAL CLASSIFICATION NUMBER | |
| Classification number | ن |
| Item number | ن ز ر |
| 100 ## - MAIN ENTRY--PERSONAL NAME | |
| Personal name | نذر سجّاد حىدر |
| 9 (RLIN) | 107741 |
| 245 ## - TITLE STATEMENT | |
| Title | مذهب اور عشق : |
| Statement of responsibility, etc | نذر سجّاد حىدر ؛ مرتّبه، قرةالعىن حىدر |
| Remainder of title | ناول / |
| 246 ## - VARYING FORM OF TITLE | |
| Title proper/short title | Mazhab aur ishq : novel / |
| Remainder of title | by Nazar Sajjad Hyder ; edited by Qurratul-ain-Hyder |
| 260 ## - PUBLICATION, DISTRIBUTION, ETC. (IMPRINT) | |
| Place of publication, distribution, etc | دہلی |
| Name of publisher, distributor, etc | ایجوکیشنل پبلشنگ ہاؤس |
| Date of publication, distribution, etc | 2004 |
| 270 ## - ADDRESS | |
| Address | ٣١٠٨، گلی عزیزددیں وکیل کوچہ پنڈت لال کوان |
| City | دہلی |
| Postal code | 110006 |
| 300 ## - PHYSICAL DESCRIPTION | |
| Extent | 140p. |
| Dimensions | 21cm(Hb) |
| 650 ## - SUBJECT ADDED ENTRY--TOPICAL TERM | |
| Topical term or geographic name as entry element | ادب - اردو |
| 9 (RLIN) | 122500 |
| 650 ## - SUBJECT ADDED ENTRY--TOPICAL TERM | |
| Topical term or geographic name as entry element | اردو ناول |
| 9 (RLIN) | 547 |
| 650 ## - SUBJECT ADDED ENTRY--TOPICAL TERM | |
| Topical term or geographic name as entry element | Literature -- Urdu |
| 9 (RLIN) | 122501 |
| 650 ## - SUBJECT ADDED ENTRY--TOPICAL TERM | |
| Topical term or geographic name as entry element | Urdu novel |
| 9 (RLIN) | 122502 |
| 700 ## - ADDED ENTRY--PERSONAL NAME | |
| Personal name | قرةالعىن حىدر |
| 9 (RLIN) | 13995 |
| 942 ## - ADDED ENTRY ELEMENTS (KOHA) | |
| Source of classification or shelving scheme | Dewey Decimal Classification |
| Koha item type | Urdu Bks |
| Classification part | ن |
| Call number suffix | ن ز ر |
| Withdrawn status | Lost status | Damaged status | Not for loan | Home library | Current library | Date acquired | Source of acquisition | Cost, normal purchase price | Total Checkouts | Full call number | Barcode | Date last seen | Copy number | Cost, replacement price | Price effective from | Koha item type |
|---|---|---|---|---|---|---|---|---|---|---|---|---|---|---|---|---|
| Central Library | Central Library | 13/01/2016 | Cen Lib/Ret | 100.00 | ن ن ز ر | B-097988 | 13/01/2016 | 1 | 100.00 | 13/01/2016 | Urdu Bks |
